| 000 | 00486nam a2200193 a 4500 | ||
|---|---|---|---|
| 001 | 992 | ||
| 003 | CO-ViMGA | ||
| 008 | 141112s2004 ck r 000 u spa d | ||
| 040 |
_aCO-ViMGA _bspa _cCO-ViMGA |
||
| 082 | _a745.5 S246l | ||
| 100 | 1 |
_aSchorege, Margarete _94946 |
|
| 245 | 1 | 0 | _aLazos decorativos |
| 260 |
_aBarcelona : _bCeac, _c1992 |
||
| 300 | _a31 p : il | ||
| 490 | _aHobby creativo | ||
| 650 | 1 | 4 |
_aARTESANIAS _94191 |
| 650 | 1 | 4 |
_aREGALOS - ADORNOS _94947 |
| 942 |
_2ddc _cBK |
||
| 999 |
_c10520 _d10520 |
||